Normal view
MARC view
- GENERAL EDITOR: BOWERS,FREDSON
Entry Personal Name
001 - CONTROL NUMBER
- control field: 2797
003 - CONTROL NUMBER IDENTIFIER
- control field: JO-AjAnu
005 - DATE AND TIME OF LATEST TRANSACTION
- control field: 20230606070748.0
008 - FIXED-LENGTH DATA ELEMENTS
- fixed length control field: 230606|| aca||aabn | a|a d
040 ## - CATALOGING SOURCE
- Original cataloging agency: JO-AjAnu
- Transcribing agency: JO-AjAnu
100 ## - HEADING--PERSONAL NAME
- Personal name: GENERAL EDITOR: BOWERS,FREDSON
670 ## - SOURCE DATA FOUND
- Source citation: Work cat.: (JO-AjAnu)1466: GENERAL EDITOR: BOWERS,FREDSON, author, THE DRAMATIC WORKS IN THE BEAUMONT AND FLETCHER CANON VOL.II